Prevención contra descargas eléctricas PRECODEL
Bewaard in:
| Hoofdauteur: | |
|---|---|
| Formaat: | Boek |
| Gepubliceerd in: |
[San José , Costa Rica]
1995
|
| Onderwerpen: | |
| Tags: |
Voeg label toe
Geen labels, Wees de eerste die dit record labelt!
|
MARC
| LEADER | 00000nam a2200000Ia 4500 | ||
|---|---|---|---|
| 003 | 007786 | ||
| 005 | 20221231144252.0 | ||
| 008 | 140114s1995 cr a m 000 ||s d | ||
| 040 | |c cru CEDI | ||
| 090 | |a TFG 3360 | ||
| 100 | |a Gonzalez Grajales, Francisco |9 10615 | ||
| 245 | |a Prevención contra descargas eléctricas PRECODEL | ||
| 260 | |c 1995 |a [San José , Costa Rica] | ||
| 300 | |a vii, 54 páginas : ilustraciones | ||
| 500 | |a Proyecto de graduación (bachillerato en ingeniería eléctrica)--Universidad de Costa Rica. Facultad de Ingeniería. Escuela de Ingeniería Eléctrica | ||
| 650 | |x DESCARGAS ELECTRICAS |x LINEAS TELEFONICAS - MANTENIMIENTO Y REPARACION |9 10616 | ||
| 942 | |c TFG |2 ddc | ||
| 999 | |c 19338 |d 19338 | ||
